Państwa i ich wyspy(trudny) - Statystyki

Ogólne statystyki
  • Ten quiz został rozwiązany 9 razy
  • Średni wynik to 5 z 10
Statystyki odpowiedzi
Hint Odpowiedź % Poprawnych
Wyspa Bylota Kanada
88%
Nias Indonezja
75%
Batan Filipiny
63%
Solander Nowa Zelandia
63%
Ormuz Iran
50%
Isla La Tortuga Wenezuela
50%
Annobon Gwinea Równikowa
38%
Peleliu Palau
38%
Sitra Bahrajn
25%
Wyspy Sese Uganda
25%
Nie znaleziono quizów pasujących do podanych kryteriów
Rozkład punktacji
Procent ludzi z każdym wynikiem
Percentyl według liczby udzielonych odpowiedzi
Twoja historia wyników
Nie rozwiązałeś tego quizu